[Event "IECC M1-2010.T094"]
[Site "IECC email"]
[Date "2010.12.17"]
[Round "?"]
[White "Watkins, Laurence"]
[Black "Shaughnessy, Robert"]
[Result "1-0"]
[WhiteElo "1073"]
[BlackElo "1074"]
[PlyCount "45"]
[EventDate "2010.??.??"]
[EventType "match (corr)"]
[EventRounds "2"]
[SourceTitle "Telechess CBM 145"]
[Source "Chessbase"]
[SourceDate "2011.11.11"]
[SourceVersion "1"]
[SourceVersionDate "2011.11.11"]
[SourceQuality "1"]
[WhiteTeam "US of America"]
[BlackTeam "US of America"]
[WhiteTeamCountry "USA"]
[BlackTeamCountry "USA"]

1. d4 d5 2. Nf3 Nc6 3. e3 Nf6 4. Bd3 h6 5. b3 e6 6. Bb2 Bb4+ 7. Nc3 0-0 8. 0-0 a6 9. e4 Bxc3 10. Bxc3 dxe4 11. Bc4 exf3 12. Qxf3 b5 13. Qxc6 Rb8 14. Bd3 Bb7 15. Qc5 Nd5 16. Ba5 Nb6 17. Qe5 Rc8 18. Bc3 Nd7 19. Qg3 Qf6 20. Be2 Be4 21. Rac1 Nb6 22. d5 Qe7 23. Qxg7# 1-0

[Event "IECC M1-2010.T092"]
[Site "IECC email"]
[Date "2010.12.08"]
[Round "?"]
[White "Watkins, Laurence"]
[Black "Dawkins, Arthur William"]
[Result "0-1"]
[WhiteElo "1094"]
[BlackElo "1001"]
[PlyCount "98"]
[EventDate "2010.??.??"]
[EventType "match (corr)"]
[EventRounds "2"]
[SourceTitle "Telechess CBM 145"]
[Source "Chessbase"]
[SourceDate "2011.11.11"]
[SourceVersion "1"]
[SourceVersionDate "2011.11.11"]
[SourceQuality "1"]
[WhiteTeam "US of America"]
[BlackTeam "England"]
[WhiteTeamCountry "USA"]
[BlackTeamCountry "ENG"]

1. d4 d5 2. Nf3 Nf6 3. e3 c6 4. Bd3 Bg4 5. b3 e6 6. Bb2 Bd6 7. Nbd2 Nbd7 8. 0-0 0-0 9. Re1 e5 10. dxe5 Bxe5 11. Bxe5 Nxe5 12. Be2 Nxf3+ 13. Nxf3 Re8 14. Nd4 Bxe2 15. Qxe2 Qc7 16. Qf3 Qe5 17. g3 Qe4 18. Qxe4 dxe4 19. Nf5 Rad8 20. h3 g6 21. Nd4 c5 22. Nb5 a6 23. Nc3 b5 24. a4 b4 25. Ne2 Rd2 26. c4 Rb2 27. Nc1 Rd8 28. Rf1 Rdd2 29. g4 Nd7 30. Kg2 Ne5 31. Kg3 f5 32. gxf5 gxf5 33. Kf4 Nd3+ 34. Nxd3 exd3 35. Kxf5 Rxb3 36. Rg1+ Kf7 37. Rg2 Rc3 38. a5 Rxc4 39. Ke5 Rh4 40. Rc1 Rc2 41. Rd1 c4 42. Kd5 Rxh3 43. Kc5 b3 44. Rb1 Rxe3 45. Kd4 Re7 46. Kc5 d2 47. Rd1 Re1 48. Rg1 Rxg1 49. Rxg1 Rc1 0-1

[Event "IECC M1-2010.T075"]
[Site "IECC email"]
[Date "2010.09.30"]
[Round "?"]
[White "Watkins, Laurence"]
[Black "Philips, Justin"]
[Result "0-1"]
[WhiteElo "1097"]
[BlackElo "1089"]
[PlyCount "54"]
[EventDate "2010.??.??"]
[EventType "match (corr)"]
[EventRounds "2"]
[SourceTitle "Telechess CBM 149"]
[Source "ChessBase"]
[SourceDate "2012.07.17"]
[SourceVersion "1"]
[SourceVersionDate "2012.07.17"]
[SourceQuality "1"]
[WhiteTeam "US of America"]
[BlackTeam "India"]
[WhiteTeamCountry "USA"]
[BlackTeamCountry "IND"]

1. d4 Nf6 2. c4 g6 3. Nc3 Bg7 4. e4 d6 5. f4 0-0 6. Nf3 c5 7. d5 e6 8. Be2 exd5 9. cxd5 Re8 10. e5 dxe5 11. fxe5 Ng4 12. Bg5 Qa5 13. 0-0 Nxe5 14. Nxe5 Bxe5 15. Bd2 Nd7 16. Nb5 Qb6 17. d6 c4+ 18. Kh1 Qxb5 19. Qc2 Nb6 20. a4 Qxb2 21. Ra2 Qxc2 22. Rxc2 Bxd6 23. a5 Rxe2 24. axb6 axb6 25. Rd1 Bf5 26. Rxc4 Rxd2 27. Rdc1 Raa2 0-1

[Event "IECC M1-2009.T120"]
[Site "IECC email"]
[Date "2009.12.31"]
[Round "?"]
[White "Watkins, Laurence"]
[Black "Simmons, Ernest"]
[Result "0-1"]
[WhiteElo "1162"]
[BlackElo "1114"]
[PlyCount "178"]
[EventDate "2009.??.??"]
[EventType "match (corr)"]
[EventRounds "2"]
[SourceTitle "Telechess CBM 149"]
[Source "ChessBase"]
[SourceDate "2012.07.17"]
[SourceVersion "1"]
[SourceVersionDate "2012.07.17"]
[SourceQuality "1"]
[WhiteTeam "US of America"]
[BlackTeam "US of America"]
[WhiteTeamCountry "USA"]
[BlackTeamCountry "USA"]

1. d4 c6 2. c4 d5 3. Nf3 Nf6 4. e3 e6 5. cxd5 exd5 6. Nc3 Bd6 7. Ne5 0-0 8. Bd3 Nbd7 9. Ng4 Nxg4 10. Qxg4 Ne5 11. Qe2 Nxd3+ 12. Qxd3 Qc7 13. g3 Bh3 14. e4 Bg2 15. e5 Bxh1 16. exd6 Rfe8+ 17. Be3 Qxd6 18. 0-0-0 Bf3 19. Bf4 Be4 20. Bxd6 Bxd3 21. Rxd3 Re1+ 22. Nd1 Re6 23. Bf4 Rae8 24. Ne3 a6 25. Nc2 Re4 26. f3 Re2 27. g4 Rg2 28. h4 Rg1+ 29. Kd2 Rg2+ 30. Kc3 h6 31. Ne3 Re2 32. g5 h5 33. Nf5 R8e6 34. Bd6 Re1 35. Kb4 Kh7 36. Ka5 g6 37. Nh6 Rxd6 38. Nxf7 Rd7 39. Ne5 Re7 40. f4 Rf1 41. Nf3 Rf2 42. Rb3 Rfe2 43. Ng1 R2e4 44. Rf3 Rxd4 45. b3 Rde4 46. f5 Rf7 47. fxg6+ Kxg6 48. Rxf7 Kxf7 49. Nf3 d4 50. Kb4 d3+ 51. Kc3 Rf4 52. Ne5+ Kg8 53. Ng6 d2 54. Kxd2 Rf2+ 55. Kc3 Rxa2 56. Ne7+ Kg7 57. Nf5+ Kf8 58. Ng3 Rh2 59. Nxh5 Rxh4 60. Nf6 Kf7 61. Nd7 Kg6 62. Ne5+ Kf5 63. Nf7 b6 64. Nd6+ Kxg5 65. Nc8 b5 66. b4 c5 67. bxc5 Rc4+ 68. Kb3 Rxc5 69. Nd6 Kf4 70. Kb4 Rd5 71. Nb7 Ke5 72. Ka5 b4+ 73. Kxb4 Rb5+ 74. Ka4 Rxb7 75. Ka5 Ra7 76. Ka4 Kd4 77. Ka5 Kc4 78. Ka4 a5 79. Ka3 Kb5 80. Kb3 Re7 81. Ka3 Re1 82. Kb3 Ra1 83. Kb2 Ra4 84. Kb3 Rh4 85. Ka3 a4 86. Ka2 Kb4 87. Kb2 Rh2+ 88. Kb1 Kb3 89. Kc1 a3 0-1

[Event "IECC M1-2009.T115"]
[Site "IECC email"]
[Date "2009.12.08"]
[Round "?"]
[White "Meetze, Bill"]
[Black "Watkins, Laurence"]
[Result "1-0"]
[WhiteElo "1261"]
[BlackElo "1149"]
[PlyCount "109"]
[EventDate "2009.??.??"]
[EventType "match (corr)"]
[EventRounds "2"]
[SourceTitle "Telechess CBM 137"]
[Source "ChessBase"]
[SourceDate "2010.07.15"]
[SourceVersion "1"]
[SourceVersionDate "2010.07.15"]
[SourceQuality "1"]
[WhiteTeam "US of America"]
[BlackTeam "US of America"]
[WhiteTeamCountry "USA"]
[BlackTeamCountry "USA"]

1. e4 c5 2. Nf3 d6 3. Bc4 e6 4. d4 d5 5. exd5 exd5 6. Be2 c4 7. Nbd2 Nf6 8. 0-0 Bd6 9. b3 c3 10. Nb1 Ne4 11. Qe1 Nc6 12. Nxc3 Bb4 13. Bd2 Nxd2 14. Qxd2 0-0 15. a3 Ba5 16. Bb5 Qd6 17. b4 Bc7 18. Rfe1 Bg4 19. Ne5 Nxe5 20. dxe5 Qe6 21. h3 Bf5 22. Nxd5 Bxe5 23. Rad1 Qd6 24. Qg5 Qe6 25. Ne7+ Kh8 26. Nxf5 Qf6 27. Qxf6 Bxf6 28. Rd7 g6 29. Nd6 Kg8 30. Rxb7 Rad8 31. Bd7 Bd4 32. Nb5 Bb6 33. Nxa7 Rb8 34. Rxb8 Rxb8 35. Nc6 Rb7 36. Rd1 Rc7 37. c4 Kg7 38. c5 Ba7 39. Kh2 h5 40. Kg3 Rb7 41. a4 Bb8+ 42. Rd6 Bxd6+ 43. cxd6 Rxd7 44. a5 Rxd6 45. b5 Rd5 46. b6 Rb5 47. h4 Kf8 48. Kf4 Ke8 49. Nd4 Rb4 50. Ke5 Kd7 51. Kd5 Kc8 52. g3 Kb7 53. f3 Ka6 54. Nc6 Kb7 55. Nxb4 1-0

[Event "IECC M1-2009.T112"]
[Site "IECC email"]
[Date "2009.11.23"]
[Round "?"]
[White "Robertson, John"]
[Black "Watkins, Laurence"]
[Result "0-1"]
[WhiteElo "1022"]
[BlackElo "1142"]
[PlyCount "60"]
[EventDate "2009.??.??"]
[EventType "match (corr)"]
[EventRounds "2"]
[SourceTitle "Telechess CBM 137"]
[Source "ChessBase"]
[SourceDate "2010.07.15"]
[SourceVersion "1"]
[SourceVersionDate "2010.07.15"]
[SourceQuality "1"]
[WhiteTeam "Australia"]
[BlackTeam "US of America"]
[WhiteTeamCountry "AUS"]
[BlackTeamCountry "USA"]

1. e4 c5 2. c4 d6 3. d3 e6 4. Nf3 Be7 5. Be2 Nd7 6. 0-0 b6 7. Nc3 Ngf6 8. b3 a6 9. a4 Bb7 10. Qc2 0-0 11. Bd2 Rc8 12. Be3 Qc7 13. d4 cxd4 14. Nxd4 Rfe8 15. Bd3 Ne5 16. Be2 Kh8 17. h3 Rg8 18. f4 Nc6 19. Nxc6 Qxc6 20. Bf3 Qc7 21. e5 dxe5 22. Bxb7 Qxb7 23. fxe5 Nd7 24. Bd4 Rgf8 25. Rf3 f5 26. exf6 Nxf6 27. Bxf6 Bxf6 28. Re1 Bd4+ 29. Kf1 Rxf3+ 30. Ke2 Rf2+ 0-1

[Event "IECC M1-2009.T112"]
[Site "IECC email"]
[Date "2009.11.23"]
[Round "?"]
[White "Watkins, Laurence"]
[Black "Robertson, John"]
[Result "1-0"]
[WhiteElo "1153"]
[BlackElo "995"]
[PlyCount "81"]
[EventDate "2009.??.??"]
[EventType "match (corr)"]
[EventRounds "2"]
[SourceTitle "Telechess CBM 137"]
[Source "ChessBase"]
[SourceDate "2010.07.15"]
[SourceVersion "1"]
[SourceVersionDate "2010.07.15"]
[SourceQuality "1"]
[WhiteTeam "US of America"]
[BlackTeam "Australia"]
[WhiteTeamCountry "USA"]
[BlackTeamCountry "AUS"]

1. d4 Nf6 2. c4 e6 3. Nf3 Bb4+ 4. Bd2 Bxd2+ 5. Qxd2 d6 6. Nc3 c6 7. e3 d5 8. Qc2 0-0 9. Be2 Qc7 10. 0-0 Nbd7 11. e4 dxe4 12. Nxe4 e5 13. Nxf6+ Nxf6 14. dxe5 Ng4 15. Ng5 g6 16. Qe4 Nxe5 17. Qf4 Qe7 18. Rfe1 Nd7 19. Bg4 Qf6 20. Qe3 Ne5 21. Bxc8 Nxc4 22. Qc1 Nxb2 23. Ne4 Qd4 24. Bxb7 Nd3 25. Qe3 Qxe3 26. Rxe3 Nb4 27. Rb3 a5 28. Bxa8 Rxa8 29. a3 Na6 30. Rd1 Kg7 31. Nd6 Ra7 32. Rh3 Re7 33. Rg3 Re2 34. Rc1 Nb8 35. Nf5+ Kf8 36. Rd3 Ke8 37. g3 gxf5 38. Rb1 Nd7 39. Rb7 Re7 40. Ra7 Ne5 41. Ra8# 1-0